Nachnamen nach Bildern - Statistiken

Allgemein
  • Dieses Quiz wurde 3.473 mal gespielt
  • Das Durchschnittsergebnis liegt bei 17 aus 20
Antwortstatistiken
Bildquiz Hint Antwort % Korrekt
Uschi Glas
99%
Kai Pflaume
99%
Marco Rose
98%
Jürgen von der Lippe
98%
Claus Kleber
96%
Helmut Kohl
96%
Olof Palme
96%
Henry Maske
95%
Heidi Kabel
93%
Kristin Otto
91%
Heike Henkel
90%
Carmen Nebel
88%
Tina Turner
87%
Hans Eichel
86%
Roland Kaiser
83%
Horst Lichter
77%
Vanessa Mai
76%
Jochen Busse
50%
Michael Schanze
40%
Frank Zander
28%
Keine übereinstimmenden Quizze gefunden
Verteilung der Resultate
Anzahl Personen mit jedem Resultat
Perzentil nach korrekt beantworteten Fragen
Ihre Resultats-Entwicklung
Sie haben dieses Quiz noch nicht gespielt